1574 1220 1684 1744 1679 1777 1956 1112 1959 1764 1045 1325 1682 1367 1019 1453 1276 1965 1555 1715 1071 1932 1271 1835 1851 1660 1986 1020 1059 1959 1101 1672 1085 1337 1345 1875 1544 1444 1850 1045 1878 1595 1692 1532 1003 1829 1902 1483 1136 1628 1873 1899 1308 1233 1622 1857 1986 1363 1068 1428 1385 1177 1757 1274 1481 1375 1405 1772 1617 1870 1284 1738 1179 1947 1996 1319 1630 1669 1156 1280 1846 1992 1930 1964 1768 1784 1560 1321 1622 1987 1641 2000 1802 1659 1612 1596 1594 1709 1350 BCNSPRNW ULIB Ver.6.0+V

เปลี่ยนเป็นภาษาไทย

Change to English
 แสดงรายละเอียดบรรณานุกรม
  กลับหน้าหลัก

Brief Record : Get Marc (ISO 2709) : E-mail record : QR code < ปิดหน้าต่าง
LEADER : 00000nam 2200000uu 4500
001    13399128034
003     ULIB
008    220118s2562||||th 000 0 tha d
020    ^a9786160446353
050  4 ^aQA107.2^bก182ก
100 1  ^aกวังบก, ชิน
245 10 ^aเก่งคณิตด้วยตัวเองจนคุณครูตกใจ :^bคณิตศาสตร์ในชีวิตประจำวัน =Mastering elementary math :^bthe world looking through the mathematics /^cShin Gwangbok ; ภาพประกอบ, Lee Wonhui ; แปล, ธัชชา ธีรปกรณ์ชัย
246 31 ^aMastering elementary math : the world looking through the mathematics
260    ^aกรุงเทพฯ :^bนานมีบุ๊คส์,^c2562
300    ^a183 หน้า :^bภาพประกอบ
490    ^aชุด เก่งวิทย์ด้วยตัวเองจนคุณครูตกใจ
650  4 ^aคณิตศาสตร์^xการศึกษาและการสอน
650  4 ^aคณิตศาสตร์
700 0  ^aLee, Wonhui
700 0  ^aธัชชา ธีรปกรณ์ชัย,^eผู้แปล
700 1  ^aGwangbok, Shin
945    ^p225^l0^i29179
999    ^aกัณชพร จุลอักษร
รายการนี้ยังไม่มีแท็ก
คุณยังไม่ได้ล็อกอิน คุณสามารถมีกิจกรรมร่วมกับเว็บไซต์ได้ แต่ต้องล็อกอินก่อน ::
  ล็อกอิน

รายการสื่อสารสนเทศ

ลำดับที่ ประเภท เลขเรียก/บาร์โค้ด สถานที่ สถานะ
1. วิทยาศาสตร์การแพทย์ และสุขภาพ
วิทยาศาสตร์การแพทย์ และสุขภาพ
QA107.2 ก182ก ฉ.1 
  Barcode: 29179
ห้องสมุดวิทยาเขตนครสวรรค์
►หนังสือทั่วไป:l:General Books
บนชั้น

รายการใกล้เคียง
    ผู้แต่ง [กวังบก, ชิน]

    หัวเรื่อง [คณิตศาสตร์]

BibComment


ยังไม่เคยถูกคอมเมนท์

คอมเมนท์ทรัพยากรรายการนี้
  คอมเมนท์: เก่งคณิตด้วยตัวเ..


 Copyright 2026. Bcnsprnw @Library